A tiger by the tail : A 40-years' running commentary on Keynesianism by Hayek

Đã lưu trong:
書目詳細資料
主要作者: Hayek, F. A.
格式: 圖書
語言:Undetermined
出版: London Institute of Economic Affairs 1972
主題:
標簽: 添加標簽
沒有標簽, 成為第一個標記此記錄!
Thư viện lưu trữ: Trung tâm Học liệu Trường Đại học Cần Thơ
LEADER 00538nam a2200181Ia 4500
001 CTU_78510
008 210402s9999 xx 000 0 und d
082 |a 330.15 
082 |b H417 
100 |a Hayek, F. A. 
245 2 |a A tiger by the tail : 
245 2 |b A 40-years' running commentary on Keynesianism by Hayek 
245 0 |c F. A. Hayek, Sudha R. Shenoy 
260 |a London 
260 |b Institute of Economic Affairs 
260 |c 1972 
650 |a Keynesian economics 
980 |a Trung tâm Học liệu Trường Đại học Cần Thơ